| 000 | 00892nam a2200253 a 4500 | ||
|---|---|---|---|
| 001 | 6000 | ||
| 003 | CDMR | ||
| 005 | 20131114115748.0 | ||
| 008 | 130220s2000||||||||||||||||||||||||||||d | ||
| 020 | _a8474763053 | ||
| 040 |
_aCDMR _bcat _cCDMR |
||
| 100 | 1 |
_aJerez, Ariel _93002 |
|
| 245 | 1 | 0 |
_aMedios de comunicación, consumo informativo y actitudes políticas en España _cAriel Jerez, Víctor Sampedro, Alejandro Baer |
| 260 |
_aMadrid _bCentro de Investigaciones Sociológicas _c2000 |
||
| 300 |
_a137 p ; _c30 cm |
||
| 490 |
_aOpiniones y actitudes _v32 |
||
| 650 | 0 | 4 |
_9396 _aMitjans de comunicació de massa _zEspanya |
| 650 | 0 | 4 |
_92807 _aMitjans de comunicació de massa _xAspectes polítics |
| 650 | 0 | 4 |
_93360 _aMitjans de comunicació de massa _xPúblic |
| 650 | 0 | 4 |
_92537 _aOpinió pública |
| 700 | 1 |
_93516 _aSampedro, Víctor |
|
| 700 | 1 |
_93517 _aBaer, Alejandro |
|
| 942 |
_cMON _2udc |
||
| 999 |
_c6000 _d6000 |
||